Technika služeb cestovního ruchu

Salvato in:
Dettagli Bibliografici
Autore principale: Orieška, Ján
Altri autori: Čech, Jiří
Natura: Libro
Lingua:ceco
Pubblicazione: Praha Idea Servis 1992
Edizione:1. vyd.
Soggetti:
Tags: Aggiungi Tag
Nessun Tag, puoi essere il primo ad aggiungerne!!

MARC

LEADER 00000nam a2200000 4500
001 c001730
005 20221214091936.6
020 |a 80-900880-6-6 
041 0 |a cze 
044 |a CZ 
245 1 0 |a Technika služeb cestovního ruchu  |c Ján Orieška ; Prekl. Jiří Čech 
250 |a 1. vyd. 
264 1 |a Praha  |b Idea Servis  |c 1992 
300 |a 158 s. 
610 2 0 |a ruch cestovný 
610 2 0 |a kancelárie cestovné 
610 2 0 |a kúpele 
610 2 0 |a doprava osobná 
610 2 0 |a stravovanie spoločné 
610 2 0 |a poistenie združené 
610 2 0 |a devízy 
610 2 0 |a kurz menový 
610 2 0 |a ČSFR 
610 2 0 |a služby 
100 1 |a Orieška, Ján 
700 1 |a Čech, Jiří